[Event "Washington Open Championship"]
[Site "Seattle, WA"]
[Date "2013.05.27"]
[Round "5"]
[White "Pogrebinsky Ethan  (WA)"]
[Black "Soetedjo Christopher  (WA)"]
[Result "0-1"]
[WhiteElo "216"]
[BlackElo "879"]
[Annotator ""]
[Source ""]
[Remark "Booster"]

1.e4 e5 2.Nc3 Nf6 3.Nf3 Nc6 4.Bc4 Bb4 5.O-O O-O 6.Bb5 Bxc3 7.Bxc6
( 7.bxc3 Nxe4 8.Bxc6 bxc6 9.Nxe5 Ba6 10.Re1 d5 11.Ba3 Re8 12.d3
Rxe5 13.Qg4 Bc8 14.Qf3 Rg5 15.dxe4 dxe4 16.Qxe4 Rg6 17.Qe8+ Qxe8
18.Rxe8# {1-0, Raulf Marie Kristin - Klaeve Simon, Langenhagen (Germany) 2000}
) bxc6 8.dxc3 Nxe4 9.Nh4 Qxh4 10.Qf3 d5 11.g3 Qh3 12.c4 Bg4 13.Qe3
Rae8 14.b3 Re6 15.Ba3 Rh6 16.Rfe1 Qxh2+ 17.Kf1 Qh1# 0-1

[Event "Washington Open Championship"]
[Site "Seattle, WA"]
[Date "2013.05.26"]
[Round "3"]
[White "Wang Michael  (WA)"]
[Black "Lampman Becca  (WA)"]
[Result "1-0"]
[WhiteElo "2165"]
[BlackElo "1981"]
[Annotator ""]
[Source ""]
[Remark "Open"]

1.c4 Nf6 2.Nc3 g6 3.g3 Bg7 4.Bg2 O-O 5.d3 d6 6.e4 Nc6 7.Nge2
a6 8.Rb1 Rb8 9.b4 b5 10.cxb5 axb5 11.d4 e5 12.d5 Nd4
( 12...Ne7 13.h3 Bd7 14.O-O Nh5 15.Bd2 f5 16.f3 Kh8 17.Kh2 Ng8
18.Qc2 Bh6 19.Bxh6 Nxh6 20.Rbc1 Qg5 21.Nb1 Rbc8 22.Qd2 f4 23.g4
Nf6 24.Rc3 Nf7 25.Qe1 Ne8 26.Nc1 Qd8 27.Nb3 h5 28.Rh1 hxg4 29.hxg4
Kg7 30.Kg1 Rh8 31.Rxh8 Kxh8 32.Na5 Kg7 33.Nc6 Qg5 34.Bf1 Nf6
35.Rc2 Rh8 36.Qf2 Bxg4 37.fxg4 Nxe4 38.Qg2 Ng3 39.Be2 Rh1+ 40.Qxh1
Nxh1 41.Kxh1 Qh4+ 42.Kg2 Qg3+ 43.Kf1 e4 44.Nd4 f3 45.Bxb5 e3
46.Nxf3 Qxf3+ 47.Ke1 Qg3+ 48.Ke2 Qf2+ {0-1, Buehler Bernd (GER) 2160 - Bolk Matthias, Germany 1992}
) 13.Nxd4 exd4 14.Ne2 Re8 15.Bg5 c5 16.dxc6 Qb6 17.Bxf6 Bxf6
18.O-O Be6 19.Nf4 Bxa2 20.Nd5 Bxd5 21.exd5 Re7 22.Qd3 Ra8 23.Ra1
Rea7 24.Rxa7 Rxa7 25.Rc1 Bd8 26.Bf1 Ra4 27.Rb1 Ra2 28.Re1 Kf8
29.h4 Rb2 30.h5 Kg7 31.Re8 Ra2 32.Qf3 Bg5 33.h6+ Kxh6 34.Rg8 1-0

[Event "Washington Open Championship"]
[Site "Seattle, WA"]
[Date "2013.05.25"]
[Round "2"]
[White "Arganian David (WA)"]
[Black "Wang Michael  (WA)"]
[Result "0-1"]
[WhiteElo "2000"]
[BlackElo "2165"]
[Annotator ""]
[Source ""]
[Remark "Open"]

1.e4 c5 2.d4 cxd4 3.c3 dxc3 4.Nxc3 Nc6 5.Nf3 a6 6.Bc4 e6 7.O-O
Nge7 8.Bg5 f6 9.Be3 Ng6 10.Bb3 b5 11.Nd5 Rb8 ( 11...exd5 12.exd5
Nce5 13.d6 Bb7 14.Nxe5 fxe5 15.f4 exf4 16.Re1 fxe3 17.Rxe3+ Be7
18.Qd4 Qb8 19.dxe7 Qa7 20.Bf7+ Kxf7 21.e8Q+ Rhxe8 22.Rf1+ Kg8
23.Qxa7 Rxe3 24.Qxe3 Bd5 25.Rd1 Be6 26.b3 Ne7 27.Rd6 h6 28.Qb6
Kf7 29.Qb7 Rc8 30.Qxa6 Rc1+ 31.Kf2 Rc2+ 32.Kf3 Bd5+ 33.Rxd5 Nxd5
34.Qxb5 Rc3+ 35.Ke2 Nf6 36.Kd1 Ke6 37.a4 Ne4 38.Qb6+ d6 39.a5
Rd3+ 40.Ke2 Nc5 41.Qxc5 dxc5 42.Kxd3 Kd5 43.a6 Kc6 44.Kc4 {1-0, Zakharov Vladimir (UKR) 2326 - Gusev Aleksey (RUS) 2359, Tula (Russia) 2001}
) 12.Rc1 Be7 13.Nxe7 Ngxe7 14.Bc5 O-O 15.Bd6 Ra8 16.Nd4 Nxd4
17.Qxd4 Rf7 18.f4 f5 19.Bxe7 Qxe7 20.exf5 Rxf5 21.Qe4 d5 22.Qe3
Qd6 23.g4 Rf7 24.Rcd1 Bb7 25.Rde1 Re8 26.Qd4 Ref8 27.Re5 Kh8
28.Bc2 Rf6 29.Rf3 Qc7 30.Rc3 Qf7 31.Rh3 Rxf4 32.Rxh7+ Kg8 0-1

[Event "Washington Open Championship"]
[Site "Seattle, WA"]
[Date "2013.05.25"]
[Round "6"]
[White "Raptis Nick  (OR)"]
[Black "Wang Michael  (WA)"]
[Result "1/2-1/2"]
[WhiteElo "2397"]
[BlackElo "2165"]
[Annotator ""]
[Source ""]
[Remark "Open"]

1.Nf3 c5 2.g3 g6 3.Bg2 Bg7 4.c4 Nc6 5.Nc3 d6 6.O-O e5 7.Ne1 Nge7
8.Nc2 O-O 9.Ne3 f5 10.Ned5 Rb8 {%08DA} 11.d3 h6 12.a3
( 12.Bd2 Nxd5 13.Bxd5+ Kh7 14.f4 Ne7 15.Bg2 b6 16.a3 Bb7 17.e4
Qd7 18.Rb1 a6 19.Nd5 Bxd5 20.exd5 b5 21.b3 Ng8 22.Qc2 exf4 23.gxf4
Bd4+ 24.Kh1 Nf6 25.Bf3 Rbe8 26.Rbe1 Rxe1 27.Rxe1 Re8 28.Qd1 Kg7
29.Kg2 Kf7 30.Rxe8 Qxe8 31.Qe2 Qxe2+ 32.Bxe2 Bb2 33.a4 b4 34.h3
Ne8 35.Bd1 Kf6 36.Be2 g5 37.Bh5 Ng7 38.Be2 Kg6 39.Bd1 Bd4 40.Be2
Nh5 41.Bxh5+ Kxh5 42.Kg3 a5 43.Kg2 Kg6 44.Kf3 Bf6 45.Be3 Kh5
46.Kg3 Bc3 47.Kg2 g4 48.Kg3 Be1+ 49.Kg2 Kh4 50.d4 gxh3+ 51.Kf3
h2 52.Kg2 cxd4 53.Bxd4 Bg3 54.Bb6 Bxf4 55.Bxa5 Bg3 56.Bb6 f4
57.a5 f3+ 58.Kh1 f2 59.Bxf2 Bxf2 60.Kxh2 Kg4 61.a6 Kf5 62.Kg2
Bc5 63.Kh3 Ke4 64.Kg4 Kd3 65.Kf5 Kc3 66.Ke6 Kxb3 67.a7 Bxa7 68.Kxd6
Kxc4 {0-1, Joyner Lionel (CAN) 2240 - Fullbrook Nigel (CAN) 2185, New York (USA) 1987.03}
) a6 13.Bd2 Kh7 14.b4 cxb4 15.axb4 Nxd5 16.Nxd5 b5 17.cxb5 axb5
18.Bc3 Bb7 19.Qb3 Re8 20.e3 Qd7 21.Rfc1 Qf7 22.Qb2 Na5 23.bxa5
Bxd5 24.Bxd5 Qxd5 25.Qb4 Rec8 26.Rd1 Qc5 27.Be1 Bf8 28.Rdb1 Qc6
29.a6 d5 30.Qb2 e4 31.a7 Ra8 32.dxe4 Bg7 33.e5 Rc7 34.Rc1 Qb7
35.Rxc7 Qxc7 36.Qxb5 Rxa7 37.Rxa7 Qxa7 38.e6 d4 39.Qd7 {?}
( 39.exd4 Bxd4 40.Qe8 {+-} ) Qa1 40.Kf1 Qa6+ 41.Kg2 Qa8+ 42.Kh3
Qa6 43.Kg2 Qa8+ 44.Kg1 Qa1 45.Kf1 Qa6+ 1/2-1/2

[Event "Washington Open Championship"]
[Site "Seattle, WA"]
[Date "2013.05.25"]
[Round "5"]
[White "He Daniel  (WA)"]
[Black "Wang Michael  (WA)"]
[Result "0-1"]
[WhiteElo "2131"]
[BlackElo "2165"]
[Annotator ""]
[Source ""]
[Remark "Open"]

1.Nf3 c5 2.g3 Nc6 3.Bg2 g6 4.O-O Bg7 5.d3 d6 6.c4 e6 7.Nc3 Nge7
8.Bd2 a6 9.a3 Rb8 10.Rb1 b5 11.cxb5 axb5 12.b4 cxb4 13.axb4 O-O
14.Qb3 d5 15.Rfd1 ( 15.Rfc1 Bd7 16.Bf4 e5 17.Bd2 d4 18.Ne4 Be6
19.Qb2 Bd5 20.Nc5 Qd6 21.Ng5 Bxg2 22.Kxg2 h6 23.Nf3 Rfc8 24.Qb3
Nd5 25.Ne4 Qd7 26.Rc5 Nce7 27.Rbc1 Rxc5 28.Nxc5 Qd6 29.Qa2 Nc6
30.Ne4 Qd7 31.Nc5 Qd6 32.Qa6 Nc7 33.Qa3 Ra8 34.Qb2 Nd5 35.Qb3
Ra7 36.Ne4 Qd7 37.Rc5 Nce7 38.Rc2 Qb7 39.Nd6 Qa6 40.Nc8 Qe6 41.Nxe7+
Rxe7 42.Qb1 Rc7 43.Rxc7 Nxc7 44.Qc1 Nd5 45.Bxh6 Nxb4 46.Bxg7
Kxg7 47.Qc5 Nd5 48.Qxb5 f6 49.Qb7+ Ne7 {1/2-1/2, Hasek Vaclav (CZE) 2117 - Chalus Karel (CZE) 2128, Czech Republic 1994}
) e5 16.e4 d4 17.Nd5 h6 18.Rbc1 Be6 19.Rc5 Qd6 20.Nh4 Kh7 21.Ra1
Nd8 22.Ra7 Rb7 23.Rxb7 Nxb7 24.Rc1 Rd8 25.f4 Nxd5 26.exd5 Bxd5
27.Bxd5 Qxd5 28.Qxd5 Rxd5 29.Rc7 Nd8 30.f5 Rd6 31.g4 g5 32.Nf3
f6 33.Be1 Kg8 34.Nd2 Rc6 35.Rd7 Nf7 36.Ne4 Bf8 37.Rb7 Kg7 38.h3
Rc2 39.Ng3 Rc6 40.Nh5+ Kg8 41.Rxb5 Nd6 42.Rb8 ( 42.Nxf6+ Kf7
43.Nd7 {+-} ) Kf7 43.Nxf6 Kxf6 44.Rxf8+ Ke7 45.Rh8 Rc1 46.Kf2
e4 47.Rh7+ Kf6 48.Rxh6+ Ke5 49.Ke2 Rc2+ 50.Kd1 Rg2 {%02
 $16  (Either there is something wrong with the scoresheet, or White was in
some type of heavy time trouble, because this position greatly favors White,
yet it is marked as a win for Black at this point.)} 0-1

[Event "Washington Open Championship"]
[Site "Seattle, WA"]
[Date "2013.05.26"]
[Round "4"]
[White "Feng Roland  (WA)"]
[Black "Raptis Nick  (OR)"]
[Result "0-1"]
[WhiteElo "2209"]
[BlackElo "2397"]
[Annotator ""]
[Source ""]
[Remark "Open"]

1.d4 g6 2.c4 Bg7 3.Nc3 c5 4.d5 Nf6 5.e4 d6 6.h3 O-O 7.Nf3 e6
8.Bd3 exd5 9.cxd5 b5 10.Bxb5 Nxe4 11.Nxe4 Qa5+ 12.Nfd2 Qxb5 13.Nxd6
Qa6 14.N2c4 Nd7 15.O-O Ne5 16.Nxe5 Qxd6 17.Nc4 Qa6 18.Qe2 Bb7
19.Rd1 Rad8 20.Qc2 Bxd5 21.Ne3 Be6 22.Bd2 Qe2 23.Bc3 Qxc2 24.Nxc2
Bxc3 25.bxc3 Rxd1+ 26.Rxd1 Rb8 27.Ne3 Bxa2 28.Rd7 Ra8 29.Rc7
a5 30.Nc2 a4 31.Na3 c4 32.g4 Rd8 33.Kg2 Bb3 34.g5 Rd3 35.h4 Rxc3
36.Nb5 Rd3 37.Rc8+ Kg7 38.Nc7 a3 39.Ne8+ Kf8 40.h5 a2 41.Nf6+
Ke7 42.Re8+ Kd6 43.Ra8 Rd1 44.h6 a1Q 45.Rxa1 Rxa1 46.Nxh7 c3
47.Nf6 Bd5+ 48.Nxd5 Kxd5 49.h7 Ra8 50.h8Q Rxh8 0-1

[Event "Washington Open Championship"]
[Site "Seattle, WA"]
[Date "2013.05.26"]
[Round "3"]
[White "Zhang Zachary  (WA)"]
[Black "Yu Justin  (WA)"]
[Result "1/2-1/2"]
[WhiteElo "1390"]
[BlackElo "1684"]
[Annotator ""]
[Source ""]
[Remark "Reserve"]

1.d4 Nf6 2.Nf3 g6 3.Bf4 d6 4.e3 Bg7 5.Nbd2 O-O 6.Be2 Nbd7 7.c3
Re8 8.Qc2 c6 9.O-O b5 10.a4 Qb6 11.b4 Nd5 12.Bg3 e5 13.dxe5 dxe5
14.axb5 cxb5 15.Qb3 Bb7 16.Ra5 a6 17.c4 Nc7 18.Ng5 h6 19.c5 Qf6
20.Nge4 Bxe4 21.Nxe4 Qe6 22.Qxe6 Rxe6 23.Rd1 Nf6 24.Nd6 Rd8 25.Ra3
Nfe8 26.Nxe8 Rxd1+ 27.Bxd1 Rxe8 28.Rd3 Kf8 29.Rd7 Re7 30.Rd8+
Re8 31.Rd6 Re6 32.Bf3 Ke7 33.Rb6 Kd7 34.Rb8 Re8 35.Rb7 f5 36.h3 1/2-1/2

[Event "Washington Open Championship"]
[Site "Seattle, WA"]
[Date "2013.05.25"]
[Round "1"]
[White "Kolar Tom  (WA)"]
[Black "Singh Aditya  (WA)"]
[Result "1-0"]
[WhiteElo "1341"]
[BlackElo "1067"]
[Annotator ""]
[Source ""]
[Remark "Booster"]

1.e4 e5 2.Nf3 Nc6 3.Bb5 a6 4.Ba4 b5 5.Bb3 Nf6 6.Ng5 d5 7.Nc3
Be6 8.exd5 Nxd5 9.Nxe6 fxe6 10.Qg4 Qd6 11.Ne4 Qe7 12.Ng5 Nd4
13.c3 h5 14.Qg3 Nf5 15.Qxe5 Qxg5 16.Bxd5 Rd8 17.Bxe6 Rd6 18.Bxf5+
Be7 19.O-O Rd3 20.Re1 h4 21.Bxd3 h3 22.Qxg5 Kf8 23.Qxe7+ Kg8
24.Qe8# 1-0

[Event "Washington Open Championship"]
[Site "Seattle, WA"]
[Date "2013.05.27"]
[Round "5"]
[White "Becker Brett  (CA)"]
[Black "Eva David  (WA)"]
[Result "1-0"]
[WhiteElo "1829"]
[BlackElo "1857"]
[Annotator ""]
[Source ""]
[Remark "Premier"]

1.e4 e6 2.d4 d5 3.Nc3 Nc6 4.Nf3 Nf6 5.e5 Ne4 6.Bd3 Bb4 7.Bd2
Nxd2 8.Qxd2 Bxc3 9.bxc3 f6 10.exf6 Qxf6 11.O-O h6 12.Rfe1 O-O
13.Re3 Ne7 14.Ne5 c5 15.Rf3 Qh4 16.Bh7+ Kxh7 17.Rxf8 Nf5 18.g4
Ne7 19.Qd3+ g6 20.Qf3 1-0

[Event "Washington Open Championship"]
[Site "Seattle, WA"]
[Date "2013.05.27"]
[Round "5"]
[White "Collyer Curt  (WA)"]
[Black "Pupols Viktors  (WA)"]
[Result "1-0"]
[WhiteElo "2269"]
[BlackElo "2200"]
[Annotator ""]
[Source ""]
[Remark "Open"]

1.d4 d5 2.c4 e6 3.Nc3 Nf6 4.cxd5 exd5 5.Bg5 Be7 6.e3 c6 7.Bd3
Bg4 8.f3 Bh5 9.Nge2 Bg6 10.Bh4 Ne4 11.Bg3 Nxc3 12.bxc3 Nd7 13.Rb1
b5 14.O-O a6 15.e4 dxe4 16.fxe4 c5 17.Nf4 O-O 18.Nd5 Nb6 19.Bc7 1-0

[Event "Washington Open Championship"]
[Site "Seattle, WA"]
[Date "2013.05.26"]
[Round "3"]
[White "Raptis Nick  (OR)"]
[Black "Perez Ignacio  (WA)"]
[Result "1/2-1/2"]
[WhiteElo "2397"]
[BlackElo "2254"]
[Annotator ""]
[Source ""]
[Remark "Open"]

1.d4 Nf6 2.c4 g6 3.Nc3 Bg7 4.e4 d6 5.Nf3 O-O 6.Be2 e5 7.Be3 exd4
8.Nxd4 Re8 9.f3 c6 10.Qd2 Nbd7 11.O-O Qe7 12.Bf2 Nc5
( 12...Nb6 13.Rfe1 Be6 14.Nxe6 Qxe6 15.Rac1 Nfd7 16.b3 Rad8 17.f4
Nc5 18.Bf3 Qf6 19.Red1 Ne6 20.Be3 Bh6 21.g3 Qe7 22.Bg2 Ng7 23.g4
Ne6 24.g5 Bf8 25.Qf2 f6 26.gxf6 Qxf6 27.f5 Ng5 28.Bd4 Qe7 29.fxg6
Bg7 30.gxh7+ Kxh7 31.Bxg7 Qxg7 32.Qd4 Nf3+ {0-1, Etemadi Siyamak (IRI) 2180 - Hadjilou, Teheran (Iran) 1994}
) 13.Rad1 Nh5 14.g4 Nf6 15.Nb3 Nxb3 16.axb3 d5 17.cxd5 Qb4 18.dxc6
bxc6 19.Bc4 Be6 20.Na4 Qxd2 21.Rxd2 Bxc4 22.bxc4 Reb8 23.Rfd1
Ne8 24.Bc5 Bf8 25.Bxf8 Kxf8 26.Nc5 Rb4 27.b3 a5 28.Ra1 Ng7 29.Ra3
Ne6 30.Nxe6+ fxe6 31.Rd6 a4 32.bxa4 Rxc4 33.Rxe6 Rc2 34.a5 Rb8
35.Ra1 Rbb2 36.a6 Rg2+ 37.Kh1 Rxh2+ 38.Kg1 Rbg2+ 39.Kf1 Rf2+
40.Kg1 Rfg2+ 41.Kf1 Rf2+ 42.Kg1 Rfg2+ 43.Kf1 Rf2+ 44.Kg1 Rfg2+
45.Kf1 Rf2+ 46.Kg1 Rfg2+ 47.Kf1 Rf2+ 48.Kg1 Rfg2+ 49.Kf1 Rf2+ 1/2-1/2

[Event "Washington Open Championship"]
[Site "Seattle, WA"]
[Date "2013.05.26"]
[Round "4"]
[White "Hendricks David  (WA)"]
[Black "Saarenas Mark  (WA)"]
[Result "0-1"]
[WhiteElo "1720"]
[BlackElo "1874"]
[Annotator ""]
[Source ""]
[Remark "Premier"]

1.d4 e6 2.Bf4 d5 3.e3 c5 4.c3 cxd4 5.exd4 Nc6 6.Nd2 Nf6
( 6...Bd6 7.Bxd6 Qxd6 8.Qg4 g6 9.Bb5 Nge7 10.Qg3 Qxg3 11.hxg3
Kf8 12.f4 {1/2-1/2, Gulko Boris F (USA) 2565 - Dlugy Maxim (USA) 2545, Estes Park (USA) 1987}
) 7.Ngf3 Bd6 8.Bg3 O-O 9.Bd3 e5 10.Nxe5 Re8 11.f4 Ng4 12.h3 Ne3
13.Bxh7+ Kf8 14.Qh5 Qf6 15.Kf2 ( 15.Be4 $16 ) Nxe5 16.dxe5 Bxe5
17.Qf3 Bc7 18.Rhe1 Bb6 19.Rac1 Nc4+ 20.Re3 Bxe3+ 0-1

[Event "Washington Open Championship"]
[Site "Seattle, WA"]
[Date "2013.05.26"]
[Round "4"]
[White "Wang Michael  (WA)"]
[Black "Pechisker Alfred  (CAN)"]
[Result "1-0"]
[WhiteElo "2165"]
[BlackElo "2175"]
[Annotator ""]
[Source ""]
[Remark "Open"]

1.c4 g6 2.g3 Bg7 3.Bg2 d6 4.Nc3 e5 5.d3 Ne7 6.e3 O-O 7.Nge2 c6
8.O-O Na6 9.b3 Nc7 10.Ba3 f5 11.Rc1 g5 12.f4 exf4 13.gxf4 g4
14.Ng3 Ne8 15.Nh5 Bh8 16.Bb2 Nf6 17.Nxf6+ Rxf6 18.Ne2 Rh6 19.Bxh8
Kxh8 20.Ng3 Bd7 21.Qd2 Qb6 22.b4 Re8 23.c5 Qd8 24.cxd6 Rxd6 25.Qc3+
Kg8 26.Nh5 Rg6 27.Nf6+ Kf7 28.Nxe8 Qxe8 29.e4 h5 30.Rce1 Qd8
31.Re2 h4 32.exf5 Nxf5 33.Be4 Rf6 34.Qe5 g3 35.Rfe1 gxh2+ 36.Kxh2
Ng3 37.Qg5 Qf8 38.Bg6+ Kg8 39.Re8 Bxe8 40.Rxe8 1-0

[Event "Washington Open Championship"]
[Site "Seattle, WA"]
[Date "2013.05.27"]
[Round "5"]
[White "Saarenas Mark  (WA)"]
[Black "Zhang Brendan  (WA)"]
[Result "1-0"]
[WhiteElo "1874"]
[BlackElo "1747"]
[Annotator ""]
[Source ""]
[Remark "Premier"]

1.e4 e6 2.d4 d5 3.Nc3 Nf6 4.e5 Nfd7 5.f4 Bb4 6.a3 Bxc3+ 7.bxc3
c5 8.Qg4 O-O ( 8...g6 9.Nf3 Nc6 10.h4 h5 11.Qg3 Ne7 12.Qf2 Nf5
13.Bd3 c4 14.Bxf5 exf5 15.O-O Nb6 16.a4 Bd7 17.a5 Na4 18.Ba3
Nxc3 19.Qd2 Nb5 20.Bb4 Qc7 21.c3 O-O-O 22.Ng5 Be6 23.a6 b6 24.Rfb1
Qc6 25.Be7 Rd7 26.Bf6 Rg8 27.Qb2 Nc7 28.Ra5 Qa8 29.Ra2 Ne8 30.Nh7
Rc7 31.Qa3 Nxf6 32.Nxf6 Rd8 33.Rab2 Qc6 34.Rb5 Qa8 35.g3 Qc6
36.Kf2 Qa8 37.Nh7 Bd7 38.R5b2 Qc6 39.Rb4 Kb8 40.Ng5 Be6 41.Nf3
Ka8 42.Ne1 Rb8 43.Nc2 Bd7 44.Ra1 Rcc8 45.Rb2 b5 46.Nb4 Qe6 47.Qa2
Rb6 48.Qb1 Re8 49.Ra5 Reb8 50.Qh1 Bc6 51.Nc2 f6 52.exf6 Qxf6
53.Nb4 Qd6 54.Ra1 Re8 55.Re1 Re4 56.Rxe4 dxe4 57.Ke3 {1/2-1/2, Garcia Caballero Luis (ESP) 2195 - Martin Juan Manuel (ESP) 2277, Canary Islands (Spain) 1989}
) 9.Bd3 c4 10.Be2 Qe7 11.Nf3 f6 12.O-O Nc6 13.a4 Qf7 14.Nh4 Ne7
15.Ba3 Re8 16.Bxe7 Rxe7 17.f5 fxe5 18.fxe6 Qxe6 19.Nf5 Rf7 20.Qg5
Nf8 21.Bg4 exd4 22.Rae1 Rxf5 23.Bxf5 Qb6 24.Bxc8 Rxc8 25.Qxd5+
Kh8 26.Qf5 dxc3+ 27.Kh1 Qd8 28.Qf7 Ng6 29.Qxb7 a5 30.Rf7 Rb8
31.Qc7 Qg8 32.Ref1 Rc8 33.Qxa5 Rd8 34.h3 Ne5 35.Qxe5 1-0

[Event "Washington Open Championship"]
[Site "Seattle, WA"]
[Date "2013.05.27"]
[Round "5"]
[White "Tan Alan  (WA)"]
[Black "Yu Justin  (WA)"]
[Result "0-1"]
[WhiteElo "1490"]
[BlackElo "1684"]
[Annotator ""]
[Source ""]
[Remark "Reserve"]

1.c4 Nf6 2.Nc3 g6 3.g3 Bg7 4.Bg2 O-O 5.Nf3 d6 6.O-O c6 7.d3 Na6
8.Bg5 h6 9.Be3 ( 9.Bxf6 Bxf6 10.Qd2 Bg7 11.d4 Bg4 12.Rac1 Rb8
13.d5 c5 14.h3 Bd7 15.e4 Nc7 16.Rfe1 b5 17.cxb5 Nxb5 18.Nxb5
Rxb5 19.b3 Qa5 20.Bf1 Rb4 21.Rc4 Qb6 22.Rec1 a5 23.Rxb4 axb4
24.Kg2 Ra8 25.Bd3 Qb8 26.Qe2 Bc3 27.Rc2 Qf8 28.Nd2 Qc8 29.h4
Bd4 30.Nc4 Rb8 31.Rc1 Qf8 32.Rf1 Qg7 33.Qc2 Rf8 34.Nb6 Be8 35.Nc4
Bc3 36.Rd1 Qf6 37.Qe2 h5 38.Ne3 Bd7 39.Nc4 Ra8 40.f3 Rb8 41.Rc1
Qd4 42.Rd1 Kh7 43.Bb1 Qh8 44.Rc1 Bb5 45.Bd3 Ra8 46.Rc2 Qd4 47.f4
Kg7 48.f5 Rh8 49.Qf3 Qf6 50.Rf2 Bd4 51.Rf1 g5 52.hxg5 Qxg5 53.Qf4
Qxf4 54.Rxf4 Kf6 55.Bb1 Rg8 56.Kh3 Be5 57.Rf3 Rg4 58.Re3 Bd4
59.Rf3 Kg5 60.f6 Bd7 61.fxe7 Rxe4+ 62.Kg2 Re2+ 63.Kf1 Rxe7 64.Nxd6
Bh3# {0-1, Borg Andrew (MLT) 2116 - Mihajlovskij Sergei (BLR) 2429, Izmir (Turkey) 2006.08.11}
) Bd7 10.h3 Nc7 11.d4 Qc8 12.Kh2 Be6 13.Nd2 d5 14.c5 Nd7 15.b4
Kh7 16.f4 Re8 17.g4 f5 18.g5 Bf7 19.Nf3 Rh8 20.gxh6 Bxh6 21.Ng5+
Kg7 22.Rf3 Ne6 23.Qd3 Nf6 24.Kg1 Bxg5 25.fxg5 Ne4 26.Qc2 N6xg5
27.Bxg5 Nxg5 28.Rg3 Ne4 29.Nxe4 dxe4 30.e3 Bd5 31.Qf2 Qe6 32.a3
a5 33.Rf1 axb4 34.axb4 Kf7 35.h4 Bc4 36.Rb1 Bd3 37.Rb2 Ra1+ 38.Kh2
Rxh4+ 39.Rh3 Rxh3+ 40.Kxh3 g5 41.Kh2 Qh6+ 42.Bh3 e6 43.Qg3 g4
44.Rf2 Qxh3+ 45.Qxh3 gxh3 46.Kxh3 Re1 47.Ra2 Rxe3+ 48.Kh4 Ba6 0-1

[Event "Washington Open Championship"]
[Site "Seattle, WA"]
[Date "2013.05.27"]
[Round "6"]
[White "Tezcan Yaman  (OR)"]
[Black "Pechisker Alfred  (CAN)"]
[Result "1-0"]
[WhiteElo "1998"]
[BlackElo "2175"]
[Annotator ""]
[Source ""]
[Remark "Open"]

1.d4 Nf6 2.c4 g6 3.Nc3 Bg7 4.e4 d6 5.Nf3 O-O 6.Be2 Nbd7 7.O-O
e5 8.Be3 c6 9.d5 Ne8 10.dxc6 bxc6 11.c5 Qe7 12.cxd6
( 12.cxd6 Nxd6 13.Qa4 Bb7 14.Rad1 Rfb8 15.Qa3 Bf8 16.Qxd6 Qxd6
17.Rxd6 Bxd6 18.Rd1 Bc5 19.Rxd7 Bxe3 20.fxe3 Bc8 21.Rd8+ Kg7
22.b3 f6 23.Bc4 Bg4 24.Rd6 Rc8 25.h3 Bxf3 26.gxf3 Rc7 27.Na4
Kh6 28.Nc5 Kh5 29.Rxf6 Rd8 30.Bd3 Kh4 31.Kg2 a5 32.a4 Rcc8 33.Rf7
h5 34.Rd7 Rxd7 35.Nxd7 Re8 36.f4 exf4 37.exf4 g5 38.f5 g4 39.hxg4
Rd8 40.Ne5 hxg4 41.f6 Kh5 42.f7 Kg5 43.Nd7 {1-0, Del Barrio Garcia Alberto (ESP) 2002 - Fernandez Lledo Javier (ESP) 1907, Madrid (Spain) 2006.10.29}
) Nxd6 13.Qa4 Bb7 14.Rfd1 Rfb8 15.Rac1 Bf8 16.b4 a5 17.bxa5 Ne8
18.Rb1 Nc7 19.Rxb7 Rxb7 20.Qxc6 Nc5 21.Bxc5 Qxc5 22.Qxb7 Qxc3
23.Rd7 Qc1+ 24.Bf1 Rxa5 25.Rxc7 Qf4 26.g3 Qxf3 27.Bc4 Rc5 28.Rxf7
Qd1+ 29.Kg2 Rxc4 30.Rxh7 1-0

[Event "Washington Open Championship"]
[Site "Seattle, WA"]
[Date "2013.05.27"]
[Round "5"]
[White "Bashkansky Ethan  (WA)"]
[Black "Feng Roland  (WA)"]
[Result "0-1"]
[WhiteElo "1986"]
[BlackElo "2209"]
[Annotator ""]
[Source ""]
[Remark "Open"]

1.d4 Nf6 2.c4 e6 3.Nc3 Bb4 4.Qc2 O-O 5.Nf3 c5 6.dxc5 Na6 7.Bd2
Nxc5 8.a3 Bxc3 9.Bxc3 b6 10.Ng5 Re8 11.h4 h6 12.b4 hxg5
( 12...hxg5 13.bxc5 gxh4 14.Rxh4 bxc5 15.Qd3 d6 16.g4 Bb7 17.g5
Ne4 18.Rxe4 Bxe4 19.Qxe4 Qxg5 20.Qg2 Qh6 21.Qh3 Qxh3 22.Bxh3
Rab8 23.Bg2 Kf8 24.Kd2 Ke7 25.f4 f6 26.Kc2 Rh8 27.Bf3 Rh4 28.Rg1
Kf7 29.f5 Rxc4 30.fxe6+ Kxe6 31.e4 g5 32.Rh1 Rxc3+ 33.Kxc3 Ke5
34.Rf1 Rf8 35.Bg2 f5 36.exf5 Rxf5 37.Re1+ Kf6 38.Kc4 Rf4+ 39.Kc3
{1/2-1/2, Reshevsky Samuel H (USA) 2430 - Euwe Max (NED), Amsterdam (Netherlands) 1950}
) 13.hxg5 Nfe4 14.Bxg7 {?} ( 14.bxc5 Nxc3 15.Qxc3 Qxg5 {%02$14/=} )
Kxg7 15.bxc5 Nxg5 16.f4 Qf6 17.fxg5 Qxa1+ 18.Kf2 Qd4+ 19.Ke1
Rh8 0-1

[Event "Washington Open Championship"]
[Site "Seattle, WA"]
[Date "2013.05.25"]
[Round "1"]
[White "Sang Tian  (WA)"]
[Black "Lee Kevin  (WA)"]
[Result "1-0"]
[WhiteElo "2314"]
[BlackElo "1900"]
[Annotator ""]
[Source ""]
[Remark "Open"]

1.e4 c5 2.Nf3 e6 3.d4 cxd4 4.Nxd4 Nc6 5.Nb5 d6 6.Bf4 e5 7.Be3
Nf6 8.N1c3 a6 9.Na3 b5 10.Nd5 Be7 11.Bb6 Qd7 12.Nc7+ Kf8 13.Nxa8
Qb7 ( 13...Qb7 14.f3 Be6 15.c4 bxc4 16.Bxc4 Nb4 17.Bxe6 fxe6
18.Nc4 Qxa8 19.Ba5 d5 20.Nxe5 dxe4 21.O-O Bc5+ 22.Kh1 Ke7 23.Qa4
exf3 24.Rxf3 Nbd5 25.Nc6+ Kd6 26.Nd4 Qe8 27.Qc4 Bxd4 28.Qxd4
Qb5 29.Bc3 Ke7 30.Qa7+ Kd6 31.Re1 Nd7 32.Rf7 Rd8 33.Rxg7 N5b6
34.Be5+ {1-0, Kun Sandor (HUN) 2100 - Rajcsanyi Zita (HUN) 2137, Hungary 1993}
) 14.f3 Qxa8 15.c4 b4 16.Nc2 h5 17.Be3 Qb7 18.b3 h4 19.Bd3 Nh5
20.Qd2 Rg8 21.O-O-O g5 22.g3 h3 23.Rhf1 Be6 24.Be2 Ke8 25.Kb1
Rg6 26.Qd3 a5 27.f4 exf4 28.Bxh5 Rh6 29.Bxf7+ Bxf7 30.gxf4 g4
31.f5 Ne5 32.Qd4 Nc6 33.Qd2 Rh7 34.Bf4 Ne5 35.Bxe5 dxe5 36.f6 1-0

[Event "Washington Open Championship"]
[Site "Seattle, WA"]
[Date "2013.05.25"]
[Round "1"]
[White "Zhang Derek  (WA)"]
[Black "Sinanan Joshua  (WA)"]
[Result "0-1"]
[WhiteElo "1870"]
[BlackElo "2236"]
[Annotator ""]
[Source ""]
[Remark "Open"]

1.e4 c5 2.Nf3 e6 3.d4 cxd4 4.Nxd4 a6 5.Be3 Nf6 6.Bd3 d6 7.O-O
g6 8.f4 Bg7 9.Nd2 O-O 10.N2f3 Ng4 11.Qd2 Nxe3 12.Qxe3 Qb6 13.Rab1
Nc6 14.Nf5 Qxe3+ 15.Nxe3 b5 16.c3 Bb7 17.f5 Rfd8 18.fxe6 fxe6
19.Ng5 Bh6 20.h4 Ne5 21.Bc2 Bxg5 22.hxg5 Nf7 23.Rbe1 Nxg5 24.Ng4
e5 25.Nh2 Rf8 26.Nf3 Nxf3+ 27.Rxf3 Rxf3 28.gxf3 Kf8 29.Kg2 Ke7
30.Rh1 h5 31.Kg3 Rf8 32.Rh4 Bc6 33.Bd3 Be8 34.c4 g5 35.Rh3 h4+
36.Kg2 bxc4 37.Bxc4 Bb5 38.Bb3 Rc8 39.Rh1 a5 40.a4 Bd7 41.Rh2
Rb8 42.Bc2 Rxb2 43.Kg1 Ra2 44.Bb3 Ra1+ 45.Kf2 Bxa4 46.Bd5 Bd7
47.Ke2 h3 48.Kf2 a4 49.Kg3 Ra3 50.Kf2 Rc3 51.Rh1 Rc2+ 52.Kg3
Rg2# 0-1

[Event "Washington Open Championship"]
[Site "Seattle, WA"]
[Date "2013.05.25"]
[Round "2"]
[White "Sinanan Joshua  (WA)"]
[Black "Tezcan Yaman  (OR)"]
[Result "0-1"]
[WhiteElo "2236"]
[BlackElo "1998"]
[Annotator ""]
[Source ""]
[Remark "Open"]

1.d4 c5 2.d5 e5 3.c4 d6 4.e4 Be7 5.Nc3 Bg5 6.g3 Bxc1 7.Qxc1 Ne7
8.h4 f5 9.Bh3 O-O 10.Kf1 Nd7 11.Qc2 Nb6 12.b3 Qe8 13.Kg2 Bd7
14.Rf1 Rd8 15.Nge2 f4 16.Ng1 Rf6 17.Qe2 Bxh3+ 18.Rxh3 Qd7 19.Nf3
Rdf8 20.h5 Na8 21.Qd3 Nc7 22.Ne2 fxg3 23.fxg3 b5 24.Nc3 a6 25.Rhh1
b4 26.Nd1 Qg4 27.Rh4 Qc8 28.Ne3 h6 29.Rhh1 Ne8 30.Nh4 Rxf1 31.Rxf1
Rxf1 32.Qxf1 Nf6 33.Qf3 a5 34.Nhf5 Nxf5 35.Nxf5 Qf8 36.Nh4 Qc8
37.Qf5 Qxf5 38.Nxf5 Nxe4 39.Kf3 Ng5+ 40.Ke3 Nf7 41.Ne7+ Kf8 42.Ng6+
( 42.Nf5 {=} ) Ke8 43.Ke4 Ng5+ 44.Kf5 Kf7 45.Nh8+ Kf8 46.Ng6+
Ke8 47.Nh4 Kf7 48.g4 Kg8 49.Ng6 Kf7 50.Nh4 Nh7 51.Nf3 Nf6 52.Nd2
Ng8 53.Nf3 Ne7+ 54.Ke4 g6 55.hxg6+ Nxg6 56.Ke3 Kg7 57.Ke4 Kf6
58.Ke3 Nh8 59.Ke4 Nf7 60.Ke3 Kg6 61.Kd3 h5 62.gxh5+ Kxh5 63.Nd2
Kg4 64.Ne4 Kf4 65.Nd2 Ng5 66.Ke2 Ne4 0-1